Convergence in House Prices Across OECD Countries: A Panel Data Analysis
Preverovanie, či prebehla konvergencia v cenách domov v krajinách OECD v r. 1996-2015. Testované boli nepodmienené a podmienené hypotézy prostredníctvom metódy GMM-systému. Výsledky poukazujú na to, že bol prebehol značný konvergenčný proces v rámci daných krajín.
Salvato in:
| Autore principale: | |
|---|---|
| Altri autori: | |
| Natura: | Capitolo di libro |
| Lingua: | inglese |
| Soggetti: | |
| Tags: |
Nessun Tag, puoi essere il primo ad aggiungerne!!
|
MARC
| LEADER | 00000naa a2200000 4500 | ||
|---|---|---|---|
| 001 | 0242018 | ||
| 005 | 20210512123348.2 | ||
| 041 | 0 | |a eng | |
| 044 | |a CZ | ||
| 245 | 1 | 0 | |a Convergence in House Prices Across OECD Countries: A Panel Data Analysis |c Caner Demir, Mustafa Ozan Yildirim |
| 520 | |a Preverovanie, či prebehla konvergencia v cenách domov v krajinách OECD v r. 1996-2015. Testované boli nepodmienené a podmienené hypotézy prostredníctvom metódy GMM-systému. Výsledky poukazujú na to, že bol prebehol značný konvergenčný proces v rámci daných krajín. | ||
| 610 | 2 | 0 | |a konvergencia |
| 610 | 2 | 0 | |a nehnuteľnosti |
| 610 | 2 | 0 | |a ceny |
| 610 | 2 | 0 | |a ceny predajné |
| 610 | 2 | 0 | |a analýza dát |
| 610 | 2 | 0 | |a analýza dát panelových |
| 610 | 2 | 0 | |a OECD |
| 100 | 1 | |a Demir, Caner | |
| 700 | 1 | |a Yildirim, Mustafa Ozan | |